Tây Nguyên những chặng đường lịch sử-văn hoá

محفوظ في:
التفاصيل البيبلوغرافية
المؤلف الرئيسي: Nguyễn, Tuấn Triết
التنسيق: كتاب
اللغة:Undetermined
منشور في: Hà Nội Khoa học xã hội 2007
الموضوعات:
الوسوم: إضافة وسم
لا توجد وسوم, كن أول من يضع وسما على هذه التسجيلة!
Thư viện lưu trữ: Trung tâm Học liệu Trường Đại học Cần Thơ
LEADER 00644nam a2200205Ia 4500
001 CTU_128550
008 210402s9999 xx 000 0 und d
020 |c 42000 
082 |a 959.7 
082 |b Tr308 
100 |a Nguyễn, Tuấn Triết 
245 0 |a Tây Nguyên những chặng đường lịch sử-văn hoá 
245 0 |c Nguyễn Tuấn Triết 
260 |a Hà Nội 
260 |b Khoa học xã hội 
260 |c 2007 
650 |a Vietnam,Vietnamese culture,Lịch sử Việt Nam 
650 |x History 
904 |i Tuyến 
980 |a Trung tâm Học liệu Trường Đại học Cần Thơ